| 000 | 01219nam a2200325 i 4500 | ||
|---|---|---|---|
| 003 | EG-GICUC | ||
| 005 | 20260121125927.0 | ||
| 008 | 260121s1977 ua ||||f |||| 00| 0 ara d | ||
| 040 |
_a EG-GICUC _bara _c EG-GICUC _d EG-GICUC _erda |
||
| 041 | _aara | ||
| 082 | 0 | 4 |
_221 _a345.5 _bم ح . ب |
| 092 | 0 | 4 | _221 |
| 099 | _aLaw1 07 345.5 م ح . ب 1977 | ||
| 100 | 0 |
_aمحمد حامد إبراهيم _eمترجم. |
|
| 245 | 1 | 0 |
_aبرمجة الموازنة العامة للدولة / _cترجمة محمد حامد إبراهيم . |
| 264 | 1 |
_aالقاهرة : _bالمنظمة العربية للعلوم الإدارية ، _c1977 . |
|
| 300 |
_a143 ؛ صفحة _c24 سم |
||
| 336 |
_2rda content _atext |
||
| 337 |
_2rda media _aComputer |
||
| 338 |
_2rda carrier _aOnline Resource |
||
| 490 |
_aسلسلة الفكر الإداري المعاصر _v2 |
||
| 504 | _a. 143-141 ببليوجرافيا: صفحات. | ||
| 650 | 1 | 4 |
_aالأموال عامة _2qrmak |
| 650 | 1 | 4 | _aالقانون الإداري |
| 651 | 1 | _2qrmak | |
| 830 |
_aسلسلة الفكر الإداري المعاصر _v2 |
||
| 856 | 4 | 0 | _uhttps://fll.law.cu.edu.eg/fulltext/bks/B07-00104.pdf |
| 905 | _a61 | ||
| 942 |
_2ddc _cBK _e21 _n0 |
||
| 999 |
_c58370 _d58370 |
||